Instructor's manual with test bank to accompany Cost accounting: concepts and techniques for management
Guardat en:
| Autors principals: | , , |
|---|---|
| Format: | Llibre |
| Idioma: | anglès |
| Publicat: |
Saint Paul
West Publishing
1987
|
| Edició: | 2a. ed |
| Matèries: | |
| Etiquetes: |
Afegir etiqueta
Sense etiquetes, Sigues el primer a etiquetar aquest registre!
|
MARC
| LEADER | 00000nam a2200000 a 4500 | ||
|---|---|---|---|
| 001 | UCQ0217 | ||
| 003 | CL-VaPUC | ||
| 008 | 980627e19870000US |||||||||||||||||eng|d | ||
| 082 | 0 | 4 | |a 658.151 |b KIL |2 21 |
| 100 | |a Killough, Larry N |e author |9 413345 | ||
| 700 | 0 | |a Leininger, Wayne E |e author |9 413300 | |
| 700 | 0 | |a Brown, Robert M |e author |9 413301 | |
| 245 | 1 | 0 | |a Instructor's manual with test bank to accompany Cost accounting: concepts and techniques for management |
| 250 | |a 2a. ed | ||
| 300 | |a 404 p | ||
| 942 | |c BK | ||
| 945 | |d 19980627 00:00:00 |a cmena | ||
| 260 | |a Saint Paul |b West Publishing |c 1987 | ||
| 650 | 0 | |a Contabilidad de costos |9 260564 | |
| 650 | 0 | |a Costos |9 261063 | |
| 650 | 0 | |a Administración financiera |9 261146 | |
| 650 | 7 | |a PRESUPUESTO |2 CL-VaPUC |9 306206 | |
| 650 | 0 | |a Productividad |9 335972 | |
| 650 | 0 | |a Programación lineal |9 23 | |
| 650 | 7 | |a PLANIFICACION Y CONTROL |2 CL-VaPUC |9 413302 | |
| 650 | 0 | |a Toma de decisiones |9 257530 | |
| 650 | 0 | |a Capital |9 263726 | |
| 650 | 0 | |a Precios |9 260787 | |
| 583 | |a last modification |c 20130317 12:47:42 |k Rodrigo Vera | ||
| 999 | |c 271356 |d 271354 | ||
| 952 | |0 0 |1 0 |4 0 |6 658_151000000000000_KIL_1987 |7 0 |8 P |9 305994 |a BIBGIM |b BIBGIM |d 2019-11-20 |i 1426192 |o 658.151 KIL 1987 |p 1426192 |r 2025-01-15 |w 2019-11-20 |y BK |k COM | ||
| 952 | |0 0 |1 0 |4 0 |6 658_151000000000000_KIL_1987 |7 0 |8 P |9 305995 |a BIBGIM |b BIBGIM |d 2019-11-20 |i 1426206 |o 658.151 KIL 1987 |p 1426206 |r 2025-01-15 |w 2019-11-20 |y BK |k COM | ||